000 00642nam a22002297a 4500
003 UA-OsUOA
001 48263
007 ta
008 20070903b un ||||| |||| 00| 0 ukr d
100 _aСидоренко Г. К.
090 _a82,09
_bС34
942 _cBK
040 _aUA-OsUOA
_bukr
_cUA-OsUOA
_dUA-OsUOA
245 _aУкраїнське віршування. Від найдавніших часів до Шевченка
300 _a138 с.
955 _a2
041 _aukr
080 _a82,09
260 _aК.
_c1972
650 7 _a82 Література. Літературознавство
_2UDC
999 _c334362
_d334362